01073nam a2200277 a 450000100060000000300080000600500170001400800410003103500190007204000270009104100080011808200180012609900240014410000480016824500730021626000450028930000250033450001220035950000220048150400300050365000380053365000620057194200120063399900170064595201330066216305BD-RjUL20211209000007.0140213s1950 enk b 001 0 eng d a(BD-RjUL)16360 aDLCcWSUdBD-RjULbeng aeng a792bBRT 1950 2a*ML BP - 7K-EA - F01 aBruford, Walter Horace,d1894-1988 .95041410aTheatre, drama, and audience in Goethe's Germany /cby W.H. Bruford. aLondon :bRoutledge & Kegan Paul,c1950. axi, 388 p. :c23 cm. aA continuation of the author's Germany in the eighteenth century, publ. Cambridge : Cambridge University Press, 1935. aIncludes indexes. aBibliography: p. 367-375. 0aTheaterzGermanyxHistory.950415 0aGerman dramay18th centuryxHistory and criticism.950416 2ddccBK c16305d16305 00102ddc40718NFICaRUCLbRUCLcReadingd1956-02-02eA B C g17.00l0o792 BRT 1950r2014-02-13 00:00:00tC-1w2014-02-13yBK